Athena : (Record no. 5548)

MARC details
000 -LEADER
fixed length control field 00979nam a22002897a 4500
001 - CONTROL NUMBER
control field 5548
003 - CONTROL NUMBER IDENTIFIER
control field FISKH
005 - DATE AND TIME OF LATEST TRANSACTION
control field 20241217122939.0
008 - FIXED-LENGTH DATA ELEMENTS--GENERAL INFORMATION
fixed length control field 241217b cb ||||| |||| 00| 0 eng d
020 ## - INTERNATIONAL STANDARD BOOK NUMBER
International Standard Book Number 9781526611376
040 ## - CATALOGING SOURCE
Original cataloging agency FISKH
Language of cataloging eng
Transcribing agency FISKH
Modifying agency FISKH
050 ## - LIBRARY OF CONGRESS CALL NUMBER
Classification number BL820.M6
082 ## - DEWEY DECIMAL CLASSIFICATION NUMBER
Classification number 292.211
100 ## - MAIN ENTRY--PERSONAL NAME
Personal name Greenberg, Imogen
245 ## - TITLE STATEMENT
Title Athena :
Remainder of title the story of a goddess /
Statement of responsibility, etc. Imogen and Isabel Greenberg
260 ## - PUBLICATION, DISTRIBUTION, ETC.
Place of publication, distribution, etc. London :
Name of publisher, distributor, etc. Bloombury Children's Books ;
Date of publication, distribution, etc. 2018.
300 ## - PHYSICAL DESCRIPTION
Extent 62 pages :
Other physical details color illustrations ;
Dimensions 31 cm .
490 ## - SERIES STATEMENT
Series statement Tales of great goddesses
505 ## - FORMATTED CONTENTS NOTE
Formatted contents note S <br/>
520 ## - SUMMARY, ETC.
Summary, etc. A fun, feminist take on the myth of Athena follows the adventures of the goddess of wisdom, war, and courage as she helps both gods and mortals alike.
521 8# - TARGET AUDIENCE NOTE
Target audience note 800 <br/>
Source Lexile estimate <br/>
521 8# - TARGET AUDIENCE NOTE
Target audience note S <br/>
Source Raz-Plus <br/>
650 ## - SUBJECT ADDED ENTRY--TOPICAL TERM
Topical term or geographic name entry element gods-goddesses
Form subdivision Non-fiction
700 ## - ADDED ENTRY--PERSONAL NAME
Personal name Greenberg, Isabel
Relator term illustrator
942 ## - ADDED ENTRY ELEMENTS (KOHA)
Source of classification or shelving scheme Dewey Decimal Classification
Koha item type Books
Suppress in OPAC No
Holdings
Withdrawn status Lost status Source of classification or shelving scheme Damaged status Not for loan Collection Home library Current library Shelving location Date acquired Total Checkouts Full call number Barcode Date last seen Date last checked out Price effective from Koha item type
    Dewey Decimal Classification     Non-Fiction Footprints International School Library Network Toul Kork Campus Footprints International School Library Network Toul Kork Campus TTP Secondary Non-Fiction Bookshelves 12/17/2024 1 GRE 292.211 BL820.M6 FISSE04377 03/13/2025 03/13/2025 12/17/2024 Books